000 00838pam a2200229 a 4500
020 _a0471549150 (acidfree paper)
082 0 0 _a624.1762
_bPAU
_cN-04. P-55
100 1 _aPaulay, T.,
_936351
245 1 0 _aSeismic design of reinforced concrete and masonry buildings /
_cT. Paulay, M.J.N. Priestley.
260 _aNew York :
_bWiley,
_cc1992.
300 _axxiii, 744 p. :
_bill., map ;
_c25 cm.
500 _a"A Wiley Interscience publication."
526 _a0
_b0
_c0
_d624_176200000000000_PAU
650 0 _aBuildings, Reinforced concrete
_xEarthquake effects.
_936352
650 0 _aEarthquake resistant design.
_9652
650 0 _aMasonry.
_936353
650 0 _aNUST
_96342
650 0 _aReinforced concrete construction.
700 1 _aPriestley, M. J. N.
_929967
856 4 2 _uhttp://172.25.8.12:8080/browse/book/5
942 _2ddc
_cBK
999 _c541456
_d541456